000 00465nam a2200181Ia 4500
001 22623
005 20260414150843.0
008 260414t2017||||xx |||||||||||||| ||spa||
041 _aESP
082 _a621.3822
_bK19 V. 1
100 _aKamenov, Anton
_eAUT
245 0 _aDigital signal processing for audio applications :
_bformulae
260 _c2017
300 _axix, 293 páginas :
_c24 cm.
650 _aTCA
654 _aCET
942 _cLIB
_dJUS
_fJUS
_2ddc
_n
999 _c22623
_d22623